000 00343nam a2200145Ia 4500
008 230312s9999||||xx |||||||||||||| ||und||
082 _a615.7
_bBAS-S
100 _aBashir;Irfan
245 0 _aBioPharmaceutics
260 _bCNC Publishers
_aPakistan
_c2011
300 _a94
546 _aEng.
650 _aPharmacy
_vPharmaceutics
942 _cBK
999 _c7016
_d7016